00358 a2200109 4500001001000000005001700010008004100027245008000068100002500148773005800173999001700231ART_1133220260410161856.0260409a 10aAspectos económicos de la industria láctea en la provincia de Córdoba1 aFrediani, Ramón O.0 tRevista de Economíag- Nº 41 (sep. 1984)wREV11077 c25475d25475